[Event "Saint Louis Masters 2026"]
[Site "Saint Louis USA"]
[Date "2026.03.01"]
[Round "9.22"]
[White "Atwell, Rose"]
[Black "Warmerdam, Max"]
[Result "1/2-1/2"]
[WhiteTitle "FM"]
[BlackTitle "GM"]
[WhiteElo "2337"]
[BlackElo "2580"]
[WhiteFideId "30951011"]
[BlackFideId "1048104"]
[EventDate "2026.02.25"]

1. e4 c5 2. Nc3 e6 3. Nge2 Nf6 4. g3 b5 5. Bg2 Bb7 6. d3 b4 7. Nb1 d5 8. e5 Nfd7
9. f4 Nc6 10. O-O Be7 11. Nd2 g6 12. c3 a5 13. Kh1 h5 14. h3 Qc7 15. a3 Rd8 16.
Nf3 Ba6 17. Be3 Rb8 18. axb4 cxb4 19. c4 dxc4 20. dxc4 Rd8 21. Nfd4 Nxd4 22.
Nxd4 Bc5 23. Qa4 Bb7 24. Qxa5 Bxg2+ 25. Kxg2 Qb7+ 26. Rf3 Qe4 27. Nxe6 fxe6 28.
Bxc5 g5 29. fxg5 Nxc5 30. Qxc5 Rd2+ 31. Kg1 Qxf3 32. Qc8+ Rd8 33. Qxe6+ Kf8 34.
Rf1 Rd1 35. Qd6+ Kg8 36. Qe6+ Kf8 37. Qd6+ Kg8 38. Qe6+ 1/2-1/2

[Event "Saint Louis Masters 2026"]
[Site "Saint Louis USA"]
[Date "2026.03.01"]
[Round "9.23"]
[White "Pyrih, Roman"]
[Black "Gazik, Viktor"]
[Result "1/2-1/2"]
[WhiteTitle "IM"]
[BlackTitle "GM"]
[WhiteElo "2403"]
[BlackElo "2537"]
[WhiteFideId "14179156"]
[BlackFideId "14928752"]
[EventDate "2026.02.25"]

1. e4 c5 2. Nf3 d6 3. d4 cxd4 4. Nxd4 Nf6 5. Nc3 Nc6 6. Bg5 e6 7. Qd2 a6 8.
O-O-O Bd7 9. f4 Be7 10. Kb1 b5 11. a3 Qb6 12. Nf3 Rd8 13. Bd3 h6 14. Bh4 b4 15.
axb4 Nxb4 16. e5 dxe5 17. fxe5 Nfd5 18. Nxd5 Nxd5 19. Bxe7 Nxe7 20. Be4 O-O 21.
Qd4 Qa5 22. Qd2 Qb6 23. Qd4 Qa5 24. Qd2 Qb6 1/2-1/2

[Event "Saint Louis Masters 2026"]
[Site "Saint Louis USA"]
[Date "2026.03.01"]
[Round "9.24"]
[White "Repka, Christopher"]
[Black "Rorrer, Grayson"]
[Result "1-0"]
[WhiteTitle "GM"]
[BlackTitle "IM"]
[WhiteElo "2495"]
[BlackElo "2415"]
[WhiteFideId "14918781"]
[BlackFideId "30944996"]
[EventDate "2026.02.25"]

1. d4 Nf6 2. Nf3 e6 3. e3 d5 4. Bd3 c5 5. O-O c4 6. Be2 b5 7. b3 Bb7 8. Nbd2 Bd6
9. a4 a6 10. bxc4 bxc4 11. Rb1 Bc6 12. e4 Nxe4 13. Nxe4 dxe4 14. Nd2 c3 15. Nc4
O-O 16. Rb3 Bxa4 17. Rxc3 Bb4 18. Rg3 Re8 19. Bh6 Bf8 20. Qa1 Bb5 21. d5 g6 22.
Bxf8 Rxf8 23. dxe6 fxe6 24. Ne5 Bxe2 25. Nxg6 Rf6 26. Nf4+ Kf7 27. Nxe2 Nc6 28.
Qa4 Ne7 29. Qxe4 Ng6 30. Qb7+ Ne7 31. Nc3 Qc8 32. Qe4 Ng6 33. h4 Rf4 34. Rf3
Rxf3 35. Qxf3+ Kg8 36. h5 Nf8 37. Qg3+ Kh8 38. Qe5+ Kg8 39. Qg5+ Kh8 40. Qf6+
Kg8 41. Rd1 Qc5 42. Rd3 Qxh5 43. Rg3+ Ng6 44. Qxe6+ Kg7 45. Qd7+ Kg8 46. Rh3 Nf8
47. Qb7 Qe8 48. Ne4 1-0

[Event "Saint Louis Masters 2026"]
[Site "Saint Louis USA"]
[Date "2026.03.01"]
[Round "9.25"]
[White "Boyer, Mahel"]
[Black "Ostrovskiy, Aleksandr"]
[Result "0-1"]
[WhiteTitle "GM"]
[BlackTitle "IM"]
[WhiteElo "2486"]
[BlackElo "2367"]
[WhiteFideId "45102422"]
[BlackFideId "2034239"]
[EventDate "2026.02.25"]

1. e4 c6 2. d4 d5 3. e5 Bf5 4. Nf3 e6 5. Be2 Bg6 6. O-O a6 7. c3 c5 8. Be3 Nd7
9. g3 Ne7 10. Nh4 Nf5 11. Nxf5 Bxf5 12. g4 Bg6 13. f4 f6 14. Nd2 cxd4 15. cxd4
Qb6 16. exf6 gxf6 17. f5 Bf7 18. Kh1 Be7 19. fxe6 Bxe6 20. Bd3 O-O-O 21. Bf5
Bxf5 22. Rxf5 Nb8 23. Nb1 Qxb2 24. Nc3 Nc6 25. Nxd5 Bd6 26. Rf2 Qb5 27. Qf3 Kb8
28. a4 Qd3 29. Nxf6 Rhf8 30. Rd1 Qb3 31. d5 Rxf6 32. Ba7+ Nxa7 33. Qxb3 Rxf2 34.
Qb6 Rxh2+ 35. Kg1 Bc7 36. Qf6 Rc2 37. d6 Bb6+ 38. Kh1 Nc6 39. Rb1 Ka7 40. a5
Bxa5 41. Qf7 Bb4 42. Qf5 Rc4 43. Qf2+ Ka8 44. Qf3 0-1

[Event "Saint Louis Masters 2026"]
[Site "Saint Louis USA"]
[Date "2026.03.01"]
[Round "9.26"]
[White "Heimann, Mark"]
[Black "Wang, Tianqi"]
[Result "1/2-1/2"]
[WhiteTitle "GM"]
[BlackTitle "IM"]
[WhiteElo "2511"]
[BlackElo "2331"]
[WhiteFideId "2028441"]
[BlackFideId "2063824"]
[EventDate "2026.02.25"]

1. e4 e6 2. d4 a6 3. Nc3 d5 4. Bd3 c5 5. dxc5 Bxc5 6. exd5 exd5 7. Nxd5 Bxf2+ 8.
Kxf2 Qxd5 9. Qf3 Nf6 10. Qxd5 Nxd5 11. Be4 Ne7 12. b3 Nbc6 13. Ba3 Bf5 14. Bxf5
Nxf5 15. Re1+ Kd7 16. Nf3 Rae8 17. g4 Nfe7 18. Ng5 h6 19. Ne4 Nc8 20. Bb2 Reg8
21. Re3 Kc7 22. Rd1 f6 23. Nc5 Nb6 24. Ne6+ Kc8 25. h4 Nd7 26. Kg3 Re8 27. Rde1
Rhg8 28. h5 g6 29. hxg6 Rxg6 30. Nf4 Rxe3+ 31. Rxe3 Rg8 32. Kh4 Nde5 33. Rg3 Kd7
34. c4 b5 35. cxb5 axb5 36. Nd5 Rg6 37. a3 Kd6 38. Ne3 Ke6 39. Ng2 Rg8 40. Nf4+
Kf7 41. Nd3 Ng6+ 42. Kh3 Rd8 43. Kh2 Nce5 44. Nxe5+ Nxe5 45. Bxe5 fxe5 46. Rc3
Kf6 47. Kg3 Rd2 48. Kf3 Kg5 49. Re3 Kf6 50. Rc3 Kg5 51. Re3 1/2-1/2

[Event "Saint Louis Masters 2026"]
[Site "Saint Louis USA"]
[Date "2026.03.01"]
[Round "9.27"]
[White "Bilych, Oleksii"]
[Black "Rosen, Eric"]
[Result "1-0"]
[WhiteTitle "IM"]
[BlackTitle "IM"]
[WhiteElo "2450"]
[BlackElo "2377"]
[WhiteFideId "14156504"]
[BlackFideId "2032562"]
[EventDate "2026.02.25"]

1. e4 c5 2. Nf3 Nc6 3. d4 cxd4 4. Nxd4 Nf6 5. Nc3 d6 6. Bg5 Bd7 7. Qd2 Rc8 8.
O-O-O Nxd4 9. Qxd4 Qa5 10. f4 Rxc3 11. bxc3 e5 12. Qb4 Qxb4 13. cxb4 Nxe4 14.
Bc4 Nf2 15. fxe5 Nxh1 16. exd6 f6 17. Be3 b5 18. Bb3 Bg4 19. Rd4 h5 20. a4 a6
21. c4 Be6 22. cxb5 Kd7 23. Bxe6+ Kxe6 24. d7 Bd6 25. bxa6 Rd8 26. a7 g5 27.
Rxd6+ Kxd6 28. Bb6 1-0

[Event "Saint Louis Masters 2026"]
[Site "Saint Louis USA"]
[Date "2026.03.01"]
[Round "9.28"]
[White "Kuru, Atilla"]
[Black "Kavutskiy, Kostya"]
[Result "1-0"]
[WhiteTitle "IM"]
[BlackTitle "IM"]
[WhiteElo "2450"]
[BlackElo "2330"]
[WhiteFideId "51607948"]
[BlackFideId "2026384"]
[EventDate "2026.02.25"]

1. e4 c5 2. Nf3 e6 3. g3 Nc6 4. d3 Nf6 5. Bg2 Be7 6. O-O d6 7. a4 O-O 8. Re1 Bd7
9. d4 cxd4 10. Nxd4 a6 11. Nc3 Qc7 12. Nxc6 Bxc6 13. a5 b5 14. axb6 Qxb6 15. b3
Qb7 16. Bb2 Rfd8 17. Qd4 a5 18. h3 Qb4 19. Qe3 Qb7 20. Qd4 Qb4 21. Red1 h6 22.
Qe3 Qb7 23. Ba3 Bf8 24. Rd2 Rd7 25. Rad1 Rad8 26. g4 d5 27. Bxf8 Rxf8 28. exd5
Nxd5 29. Nxd5 exd5 30. Qc5 Rc8 31. Qxa5 d4 32. Bxc6 Qxc6 33. Rxd4 Rxd4 34. Rxd4
Qxc2 35. Rd8+ Rxd8 36. Qxd8+ Kh7 37. Qd5 Kg8 38. Kg2 Qa2 39. Qd8+ Kh7 40. Qd3+
Kg8 41. b4 Qa8+ 42. Qf3 Qb8 43. Qe4 Qb5 44. Kg3 h5 45. Kg2 hxg4 46. hxg4 g6 47.
Kf3 Qa4 48. Qd4 Qc6+ 49. Kf4 Qc1+ 50. Ke4 Qc6+ 51. Ke3 Qc1+ 52. Kd3 Kh7 53. Ke4
Qc6+ 54. Ke5 Qe6+ 55. Kf4 Qe2 56. Kg5 Qe7+ 57. Qf6 Qd7 58. Qc3 Qd5+ 59. Kf4 Qd6+
60. Ke4 Qe6+ 61. Kf3 Qd5+ 62. Kg3 Qd6+ 63. Kg2 Qd5+ 64. Qf3 Qc4 65. Kg3 Qxb4 66.
Qxf7+ Kh8 67. Kh4 Qe1 68. Qf6+ Kh7 69. Qf7+ Kh8 70. Qf8+ Kh7 71. Qc5 Qd2 72.
Qe7+ Kh8 73. Kg3 Qc3+ 74. Kf4 Qd2+ 75. Kg3 Qc3+ 76. f3 Qc1 77. Qd7 Qe3 78. Qd8+
Kh7 79. Qc7+ Kh8 80. Qd7 Kg8 81. Qd5+ Kh7 82. Qb7+ Kh8 83. Qe4 Qc1 84. Qd4+ Kh7
85. Kf2 Qc2+ 86. Ke3 Qc1+ 87. Ke4 Qc2+ 88. Ke5 Qc7+ 89. Ke4 Qc2+ 90. Qd3 Qc6+
91. Qd5 Qc3 92. g5 Qb4+ 93. Ke5 Qe7+ 94. Kf4 Qb4+ 95. Ke5 Qe7+ 96. Kd4 Qb4+ 97.
Kd3 Qa3+ 98. Kc4 Qa2+ 99. Kd4 Qd2+ 100. Kc5 Qa5+ 101. Kd6 Qd8+ 102. Ke6 Qg8+
103. Ke5 Qb8+ 104. Kf6 Qb2+ 105. Kf7 Qc3 106. Qe4 Qb3+ 107. Kf8 Qg8+ 108. Ke7
Qb3 109. Kf8 Qg8+ 110. Ke7 Qb3 111. f4 Qc3 112. Kf8 Qh8+ 113. Kf7 Qg8+ 114. Ke7
Qb3 115. f5 Qb6 116. Kf7 1-0

[Event "Saint Louis Masters 2026"]
[Site "Saint Louis USA"]
[Date "2026.03.01"]
[Round "9.29"]
[White "Abrahamyan, Tatev"]
[Black "Yu, Jennifer"]
[Result "1/2-1/2"]
[WhiteTitle "IM"]
[BlackTitle "FM"]
[WhiteElo "2378"]
[BlackElo "2309"]
[WhiteFideId "13301918"]
[BlackFideId "2078341"]
[EventDate "2026.02.25"]

1. e4 e5 2. Nf3 Nc6 3. Nc3 Nf6 4. d4 exd4 5. Nxd4 Bb4 6. Nxc6 bxc6 7. Bd3 d5 8.
exd5 cxd5 9. O-O O-O 10. h3 c6 1/2-1/2

[Event "Saint Louis Masters 2026"]
[Site "Saint Louis USA"]
[Date "2026.03.01"]
[Round "9.31"]
[White "Apaar Saxena"]
[Black "Chirilov, James A"]
[Result "0-1"]
[WhiteTitle "FM"]
[BlackTitle "FM"]
[WhiteElo "2263"]
[BlackElo "2264"]
[WhiteFideId "25937219"]
[BlackFideId "30976677"]
[EventDate "2026.02.25"]

1. d4 Nf6 2. c4 e6 3. Nf3 d5 4. g3 dxc4 5. Bg2 Nbd7 6. O-O c6 7. a4 b6 8. Nfd2
Ba6 9. Bxc6 Rc8 10. Bg2 Nb8 11. Nf3 Nc6 12. Nc3 Be7 13. e4 O-O 14. h3 Nb4 15.
Qe2 Nd3 16. Rd1 Bb4 17. Nb5 Bb7 18. e5 Nd5 19. Nxa7 Ra8 20. Nb5 Bc6 21. Bg5 Qd7
22. Qc2 h6 23. b3 Bxb5 24. axb5 Rxa1 25. Rxa1 Bc3 26. Rb1 N3b4 27. Qe4 cxb3 28.
Rxb3 hxg5 29. Nxg5 g6 30. Qh4 Rc8 31. Be4 Bd2 32. Qh7+ Kf8 33. Bxg6 Bxg5 34. Rf3
Bf4 35. gxf4 Ke8 36. f5 fxg6 37. Qh8+ Kf7 38. fxg6+ Kxg6 39. Rg3+ Kf5 40. Qh5+
Ke4 41. Qg4+ Nf4 42. Re3+ Kxd4 43. Qxf4+ Kc5 44. h4 Nd5 45. Qe4 Nxe3 46. Qxe3+
Kxb5 47. Qe2+ Rc4 48. h5 Qg7+ 49. Kh2 Qg4 50. Qb2+ Rb4 0-1

[Event "Saint Louis Masters 2026"]
[Site "Saint Louis USA"]
[Date "2026.03.01"]
[Round "9.32"]
[White "Gueci, Tea"]
[Black "Cervantes Landeiro, Thalia"]
[Result "1/2-1/2"]
[WhiteTitle "WIM"]
[BlackTitle "FM"]
[WhiteElo "2138"]
[BlackElo "2247"]
[WhiteFideId "872342"]
[BlackFideId "3520498"]
[EventDate "2026.02.25"]

1. e4 c5 2. Nf3 Nc6 3. Bb5 g6 4. Bxc6 dxc6 5. d3 Qc7 6. a4 a5 7. O-O e5 8. Be3
Nf6 9. Na3 b6 10. Nc4 Nd7 11. Qd2 Bg7 12. Bh6 O-O 13. h3 Ba6 14. b3 Rfe8 15.
Bxg7 Kxg7 16. Ne3 f6 17. Ng4 Qd6 18. Nh4 Re7 19. Rae1 Rf8 20. Qh6+ Kg8 21. Re3
Rg7 22. Rg3 Qe7 23. Ne3 Rff7 24. Rf3 Bc8 25. Nc4 Ba6 26. Ne3 Bc8 27. Nc4 1/2-1/2